LIBRARY & INFORMATION CENTRE, KCAET, TAVANUR

ONLINE PUBLIC ACCESS CATALOGUE (OPAC)

Political corruption in India / (Record no. 12651)

MARC details
000 -LEADER
fixed length control field 00418cam a2200157ua 4500
041 ## - LANGUAGE CODE
Language code of text/sound track or separate title eng
082 ## - DEWEY DECIMAL CLASSIFICATION NUMBER
Classification number 364.1323
Item number DWI/PO
100 ## - MAIN ENTRY--AUTHOR NAME
Personal name Surendranath, Dwivedy .
245 ## - TITLE STATEMENT
Title Political corruption in India /
260 ## - PUBLICATION, DISTRIBUTION, ETC. (IMPRINT)
Place of publication Bombay :
Name of publisher Popular Book Depot ,
Year of publication 1967.
300 ## - PHYSICAL DESCRIPTION
Number of Pages 180 ; .
700 1# - ADDED ENTRY--PERSONAL NAME
Personal name Bhargava, G S .
942 ## - ADDED ENTRY ELEMENTS (KOHA)
Koha item type Books
Holdings
Withdrawn status Lost status Damaged status Home library Current library Date acquired Full call number Accession Number Koha item type
Withdrawn     KAUAET Sanskrit University 07/04/2012 364.1323 9757 Books
free website counter